Hindu-Buddhist architecture in southeast Asia / (Record no. 168939)

MARC details
000 -LEADER
fixed length control field 00675nam a2200193 4500
005 - DATE AND TIME OF LATEST TRANSACTION
control field 20191031164341.0
010 ## - LCCN (DPL NO)
LC control number ENG-126769
020 ## - INTERNATIONAL STANDARD BOOK NUMBER
International Standard Book Number 9789386806154
Terms of availability 1495.00
035 ## - SYSTEM CONTROL NUMBER
System control number EN-110301
037 ## - SOURCE OF ACQUISITION
Source of stock number/acquisition DBAD/PUB
082 ## - DEWEY DECIMAL CLASSIFICATION NUMBER
Classification number 726.109
100 ## - MAIN ENTRY--PERSONAL NAME
Personal name Birendra Kumar Singh
245 ## - TITLE STATEMENT
Title Hindu-Buddhist architecture in southeast Asia /
Statement of responsibility, etc by Birendra Kumar Sood
260 ## - PUBLICATION, DISTRIBUTION, ETC. (IMPRINT)
Place of publication, distribution, etc New Delhi
Name of publisher, distributor, etc Ishwar Books
Date of publication, distribution, etc 2018
270 ## - ADDRESS
Address B-29, Arya Nagar CGHS Ltd., Plot No-91, I.P.Extension
City Patparganj, New Delhi
Postal code 110092
Electronic mail address ishwarbooks@gmail.co,
300 ## - PHYSICAL DESCRIPTION
Extent 280p.
Dimensions 24cm(Hb)
500 ## - GENERAL NOTE
General note Includes bibliographical references and index
942 ## - ADDED ENTRY ELEMENTS (KOHA)
Source of classification or shelving scheme Dewey Decimal Classification
Item type English Books
Classification part 726.109
Call number suffix BIR
Holdings
Withdrawn status Lost status Not for loan Collection code Home library Current library Date acquired Source of acquisition Cost, normal purchase price Full call number Barcode Copy number Cost, replacement price Koha item type
      Non-fiction Central Library Central Library 31/10/2019 DBAD/PUB 1495.00 726.109 BIR EN-110301 DBAD/PUB 1495.00 English Books

© Delhi Public Library
Hit Counter
free hit counter